LEADER 02089nam a2200313 a 4500 001 000000014447 003 CaOOAMICUS 005 20100628124251.0 008 940713s1568 it u001 u lat u 026 $aacem i.V.$bM.d. EtEt (C)$c1568 (R) 035 $a10341187 040 $aPUL(R)$bita$dMTB 100 1 $aClaro, Giulio,$d1525-1575.$0(OLS)http://pul/name/13413 245 10$aIulii Clari ... Sententiarum receptar[um] liber quintus, in quo diversorum criminum materia XX [parr.] diligenter explicatur :$bitem practica criminalis iudicii ordinem et delictorum poenas complectens ... Una cum singularum quaestionum summariis et indice rerum memorabilium locupletissimo .. 246 30$aSententiarum receptar[um] liber quintus 260 $aVenetiis :$bapud Ioannem Gryphium,$c1568. 300 $a[319] c. ;$cfol. (32 cm) 500 $aMarca tipogr. sul colophon: Grifone che regge con l'artiglio una pietra alla quale è incatenato un globo alato. In cornice figurata. Motto: "Virtute duce comite fortuna" (Z705). 500 $aSegnature: a6 A-C6 D4 A-K6 L8 M-Z6 Aa-Zz6 Aaa6 Bbb8. 500 $aContiene registro nel colophon 662 $aItalia$dVenezia.$0(OLS)http://pul/subject/34951 710 0 $aGriffio, Giovanni I$4pbl.$0(OLS)http://pul/name/72450 850 $aPUL 852 $aPUL$W1$xDP1 Antico 500$y12$m199 E 11$j20286$nBK-PRI$qStampati Antico$B20286$CPULBib$Z2$F20286 $82 941 1 $a15 961 $aPrecedenti collocazioni: R I 14Note mss. sul front.Sottolineature all'interno del testoProve di pennaPostille e note mss. all'interno del testo 996 $6246$aSententiarum receptar[um] liber quintus$9(OLS)http://pul/title/20765 996 $6245$aIulii Clari ... Sententiarum receptar[um] liber quintus, in quo diversorum criminum materia XX [parr.] diligenter explicatur :$bitem practica criminalis iudicii ordinem et delictorum poenas complectens ... Una cum singularum quaestionum summariis et indice rerum memorabilium locupletissimo ..$9(OLS)http://pul/title/20764 996 $6260$aVenetiis :$bapud Ioannem Gryphium$9(OLS)http://pul/publisher/54363 LEADER 01231nam a2200289 a 4500 001 000000138271 003 CaOOAMICUS 005 20140430125831.0 008 140430s1929 gw u000 u lat r 040 $aPUL(R)$bita 041 0 $alat$ager 245 00$aDokumente zu Luthers entwicklung (bis 1519) /$chrsg. von Otto Scheel. 250 $aZweite neubearbeitete auflage 260 $aTübingen :$bJ.C.B. Mohr,$c1929. 300 $axii, 364 p. ;$c24 cm 490 1 $aSammlung ausgewählter kirchen- und dogmengeschichtlicher Quellenschriften.$aNeue Folge ;$v2 500 $aComprende indici. 546 $aTesto in tedesco e latino 650 4$aLuteranesimo$xFonti.$0(OLS)http://pul/subject/10799 700 1 $aScheel, Otto,$d1876-1954.$0(OLS)http://pul/name/12907 830 0$aSammlung ausgewählter kirchen- und dogmengeschichtlicher Quellenschriften.$pNeue Folge ;$v2.$0(OLS)http://pul/title/67948 850 $aPUL 852 $aPUL$W1$xDP2 Religione 1$y63$m17 D 48$j159470$qStampati$B159013$CPULBib$Z2$F159013 $82 941 1 $a8 996 $6245$aDokumente zu Luthers entwicklung (bis 1519)$9(OLS)http://pul/title/175028 996 $6260$aTübingen :$bJ.C.B. Mohr$9(OLS)http://pul/publisher/47972